<?xml version="1.0" encoding="UTF-8"?>
<record
    xmlns:xsi="http://www.w3.org/2001/XMLSchema-instance"
    xsi:schemaLocation="http://www.loc.gov/MARC21/slim http://www.loc.gov/standards/marcxml/schema/MARC21slim.xsd"
    xmlns="http://www.loc.gov/MARC21/slim">

  <leader>04088njm a2200541Ia 4500</leader>
  <controlfield tag="001">25694</controlfield>
  <controlfield tag="003">IT-RoPAU</controlfield>
  <controlfield tag="005">20220918181121.0</controlfield>
  <controlfield tag="008">131025s9999    xx            000 0 und d</controlfield>
  <datafield tag="040" ind1=" " ind2=" ">
    <subfield code="a">IT-RoPAU</subfield>
  </datafield>
  <datafield tag="040" ind1=" " ind2=" ">
    <subfield code="c">IT-RoPAU</subfield>
  </datafield>
  <datafield tag="999" ind1=" " ind2=" ">
    <subfield code="c">99843</subfield>
    <subfield code="d">99843</subfield>
  </datafield>
  <datafield tag="999" ind1=" " ind2=" ">
    <subfield code="b">n.d.</subfield>
  </datafield>
  <datafield tag="100" ind1=" " ind2=" ">
    <subfield code="a">AA.VV.</subfield>
    <subfield code="9">794</subfield>
  </datafield>
  <datafield tag="100" ind1=" " ind2=" ">
    <subfield code="e">Autore musica</subfield>
    <subfield code="9">13755</subfield>
  </datafield>
  <datafield tag="100" ind1=" " ind2=" ">
    <subfield code="g">Codice autore musica SPICS: 12000</subfield>
    <subfield code="9">796</subfield>
  </datafield>
  <datafield tag="245" ind1=" " ind2=" ">
    <subfield code="a">Vibrafono nel jazz (Il)</subfield>
  </datafield>
  <datafield tag="250" ind1=" " ind2=" ">
    <subfield code="a">2a ed.</subfield>
  </datafield>
  <datafield tag="260" ind1=" " ind2=" ">
    <subfield code="a">MILANO</subfield>
  </datafield>
  <datafield tag="260" ind1=" " ind2=" ">
    <subfield code="b">MUSICA JAZZ</subfield>
    <subfield code="c">1983 [1a Ed.:]</subfield>
  </datafield>
  <datafield tag="300" ind1=" " ind2=" ">
    <subfield code="a">DISCO</subfield>
  </datafield>
  <datafield tag="300" ind1=" " ind2=" ">
    <subfield code="c">38 minuti (Testo:  pag.)</subfield>
  </datafield>
  <datafield tag="500" ind1=" " ind2=" ">
    <subfield code="a">Musica jazz. Vibrafono jazz. Disco fuori commercio allegato al n. 11 '83 di "Musica jazz"</subfield>
  </datafield>
  <datafield tag="505" ind1=" " ind2=" ">
    <subfield code="a">Ring Dem Bells [(New York, 18 gennaio 1938) (Hampton Lionel) (4:00)] -  When Lights Are Low [(New York, 11 settembre 1939) (Hampton Lionel) (3:00)] - Blue Skies [(New York, 13 novembre 1945) (Norvo Red) (5:00)] - My Funny Valentine [(Hackensack, 20 maggio 1955) (Jackson Milton Bags) (5:00)] - Concorde [(New York, 2 luglio 1955) (Jackson Milton Bags) (4:00)] - Variations On A Motive By Bud [(Hollywood, 21 agosto 1953) (Charles Teddy) (5:00)] - I've Grown Accustomed To Her Face [(2 agosto 1958) (Tjader Cal) (4:00)] - New Moon [(Milano, 7 novembre 1979) (Berger Karl) (6:00)] - Jo Jo [(Berkeley, 9-15 dicembre 1981) (Hutcherson Bobby) (6:00)]</subfield>
  </datafield>
  <datafield tag="511" ind1=" " ind2=" ">
    <subfield code="a">Williams Cootie: tr; Hodges Johnny: alto; Sampson Edgar: bar; Hampton Lionel: vib e voce; Stacy Jess: p; Reuss Allan: chit; Taylor Billy: cb; Greer Sonny: batt</subfield>
  </datafield>
  <datafield tag="511" ind1=" " ind2=" ">
    <subfield code="a">Gillespie Dizzy: tr; Carter Benny: alto; Hawkins Coleman: ten; Webster Ben: ten; Berry Chu: ten; Hampton Lionel: vib; Hart Clyde: p; Christian Charlie: chit; Hinton Milt: cb; Cole Cozy: batt</subfield>
  </datafield>
  <datafield tag="511" ind1=" " ind2=" ">
    <subfield code="a">Sachs Aaron: cl; Norvo Red: vib; Negri Danny: p; Palmieri Remo: chit; Lombardi Clyde: cb; Bell Ed: batt</subfield>
  </datafield>
  <datafield tag="511" ind1=" " ind2=" ">
    <subfield code="a">Jackson Milt: vib; Silver Horace: p; Heath Percy: cb; Kay Connie: batt</subfield>
  </datafield>
  <datafield tag="511" ind1=" " ind2=" ">
    <subfield code="a">Lewis John: p; Jackson Milt: vib; Heath Percy: cb; Kay Connie: batt</subfield>
  </datafield>
  <datafield tag="511" ind1=" " ind2=" ">
    <subfield code="a">Charles Teddy: vib; Rogers Shorty: tr; Counce Curtis: cb; Manne Shelly: batt</subfield>
  </datafield>
  <datafield tag="511" ind1=" " ind2=" ">
    <subfield code="a">Getz Stan: ten; Tjader Cal: vib; Guaraldi Vince: p; Duran Eddie: chit; Lafaro Scott: cb; Higgins Billy: batt</subfield>
  </datafield>
  <datafield tag="511" ind1=" " ind2=" ">
    <subfield code="a">Harvey James: trne; Veglia Susan: corno; Fr Konotz Lee: alto; Lake Oliver: saxes, fl; Davis Don: alto, fl, cl; Berger Savia: fl; Grice Janet: fagotto; Ralston Mark: oboe; Jenkins Leroy: viol; Corra Tom: cello; Berger Karl: vib, p; Perc Berger Eva: voce, p; Sines Terry: cb; Apfelbaum Peter: batt, sax b; Berger Ingrid: voce, perc; Gurtu Trolik: tabla, perc, batt</subfield>
  </datafield>
  <datafield tag="511" ind1=" " ind2=" ">
    <subfield code="a">Rollins Sonny: ten; Hutcherson Bobby: vib; Broom Bobby: chit Cranshaw Bon: b, el; Williams Tony: batt</subfield>
  </datafield>
  <datafield tag="650" ind1=" " ind2=" ">
    <subfield code="a">JAZZ [DISCHI]</subfield>
    <subfield code="e">Codice MATERIA SPICS: 9950</subfield>
    <subfield code="9">13756</subfield>
  </datafield>
  <datafield tag="700" ind1=" " ind2=" ">
    <subfield code="a">Ellington Duke</subfield>
    <subfield code="d">Codice autore musica SPICS: 13023</subfield>
    <subfield code="e">Autore musica</subfield>
    <subfield code="p">Ring Dem Bells</subfield>
    <subfield code="9">13757</subfield>
  </datafield>
  <datafield tag="700" ind1=" " ind2=" ">
    <subfield code="a">Mills Irving</subfield>
    <subfield code="d">Codice autore SPICS: 13027</subfield>
    <subfield code="e">Autore</subfield>
    <subfield code="p">Ring Dem Bells</subfield>
    <subfield code="9">13758</subfield>
  </datafield>
  <datafield tag="700" ind1=" " ind2=" ">
    <subfield code="a">Carter Benny</subfield>
    <subfield code="d">Codice autore musica SPICS: 10774</subfield>
    <subfield code="e">Autore musica</subfield>
    <subfield code="p">When Lights Are Low</subfield>
    <subfield code="9">13759</subfield>
  </datafield>
  <datafield tag="700" ind1=" " ind2=" ">
    <subfield code="a">Williams Spencer</subfield>
    <subfield code="d">Codice autore SPICS: 10731</subfield>
    <subfield code="e">Autore</subfield>
    <subfield code="p">When Lights Are Low</subfield>
    <subfield code="9">13760</subfield>
  </datafield>
  <datafield tag="700" ind1=" " ind2=" ">
    <subfield code="a">Berlin Irving</subfield>
    <subfield code="d">Codice autore musica SPICS: 14042</subfield>
    <subfield code="e">Autore musica</subfield>
    <subfield code="p">Blue Skies</subfield>
    <subfield code="9">13761</subfield>
  </datafield>
  <datafield tag="700" ind1=" " ind2=" ">
    <subfield code="a">Rodgers Richard</subfield>
    <subfield code="d">Codice autore musica SPICS: 11120</subfield>
    <subfield code="e">Autore musica</subfield>
    <subfield code="p">My Funny Valentine</subfield>
    <subfield code="9">13762</subfield>
  </datafield>
  <datafield tag="700" ind1=" " ind2=" ">
    <subfield code="a">Hart Lorenz</subfield>
    <subfield code="d">Codice autore SPICS: 10738</subfield>
    <subfield code="e">Autore</subfield>
    <subfield code="p">My Funny Valentine</subfield>
    <subfield code="9">13763</subfield>
  </datafield>
  <datafield tag="700" ind1=" " ind2=" ">
    <subfield code="a">Lewis John</subfield>
    <subfield code="d">Codice autore musica SPICS: 10627</subfield>
    <subfield code="e">Autore musica</subfield>
    <subfield code="p">Concorde</subfield>
    <subfield code="9">13764</subfield>
  </datafield>
  <datafield tag="700" ind1=" " ind2=" ">
    <subfield code="a">Charles Teddy</subfield>
    <subfield code="d">Codice autore musica SPICS: 16384</subfield>
    <subfield code="e">Autore musica</subfield>
    <subfield code="p">Variations On A Motive By Bud</subfield>
    <subfield code="9">13765</subfield>
  </datafield>
  <datafield tag="700" ind1=" " ind2=" ">
    <subfield code="a">Lerner Max</subfield>
    <subfield code="d">Codice autore musica SPICS: 20894</subfield>
    <subfield code="e">Autore musica</subfield>
    <subfield code="9">13766</subfield>
  </datafield>
  <datafield tag="700" ind1=" " ind2=" ">
    <subfield code="a">Lowe</subfield>
    <subfield code="d">Codice autore SPICS: 23698</subfield>
    <subfield code="e">Autore</subfield>
    <subfield code="p">I've Grown Accustomed To Her Face</subfield>
    <subfield code="9">13767</subfield>
  </datafield>
  <datafield tag="700" ind1=" " ind2=" ">
    <subfield code="a">Berger Karl</subfield>
    <subfield code="d">Codice autore musica SPICS: 16386</subfield>
    <subfield code="e">Autore musica</subfield>
    <subfield code="p">New Moon</subfield>
    <subfield code="9">13768</subfield>
  </datafield>
  <datafield tag="700" ind1=" " ind2=" ">
    <subfield code="a">Hutcherson Bobby</subfield>
    <subfield code="d">Codice autore musica SPICS: 16387</subfield>
    <subfield code="e">Autore musica</subfield>
    <subfield code="p">Jo Jo</subfield>
    <subfield code="9">13769</subfield>
  </datafield>
  <datafield tag="942" ind1=" " ind2=" ">
    <subfield code="c">MD</subfield>
    <subfield code="2">ddc</subfield>
  </datafield>
  <datafield tag="952" ind1=" " ind2=" ">
    <subfield code="0">0</subfield>
    <subfield code="1">0</subfield>
    <subfield code="4">0</subfield>
    <subfield code="6">25694_000000000000000</subfield>
    <subfield code="7">1</subfield>
    <subfield code="a">SPICS</subfield>
    <subfield code="b">SPICS</subfield>
    <subfield code="d">2013-10-25</subfield>
    <subfield code="l">0</subfield>
    <subfield code="o">25694</subfield>
    <subfield code="r">2013-10-25 00:00:00</subfield>
    <subfield code="w">2013-10-25</subfield>
    <subfield code="y">MD</subfield>
    <subfield code="z">Progr. Ins.: 5568 / N.Vol.: 1 / Copie: 1 - Copia rara: n.d. / date import: 01.01.2014 - By Epidotti, Trombetti, Vaglietti</subfield>
  </datafield>
</record>
